Разработка методов прослеживания сейсмических сигналов по фазочастотным характеристикам (ФЧХ); Молодежь и современные информационные технологии

Bibliografische gegevens
Parent link:Молодежь и современные информационные технологии.— 2013.— [С. 85-86]
Hoofdauteur: Нгуен Суан Хунг
Coauteur: Национальный исследовательский Томский политехнический университет (ТПУ) Институт кибернетики (ИК) Кафедра прикладной математики (ПМ)
Andere auteurs: Кочегуров А. И. Александр Иванович (научный руководитель), Иванченков В. П. Виктор Павлович
Samenvatting:Заглавие с титульного экрана
Taal:Russisch
Gepubliceerd in: 2013
Reeks:Математическое моделирование и компьютерный анализ данных
Onderwerpen:
Online toegang:http://earchive.tpu.ru/handle/11683/70373
http://www.lib.tpu.ru/fulltext/c/2013/C04/034.pdf
Formaat: Elektronisch Hoofdstuk
KOHA link:https://koha.lib.tpu.ru/cgi-bin/koha/opac-detail.pl?biblionumber=603671

MARC

LEADER 00000naa2a2200000 4500
001 603671
005 20260204112702.0
035 |a (RuTPU)RU\TPU\conf\867 
035 |a RU\TPU\conf\865 
090 |a 603671 
100 |a 20140130d2013 k y0rusy50 ca 
101 0 |a rus 
102 |a RU 
135 |a drnn ---uucaa 
181 0 |a i  
182 0 |a b 
200 1 |a Разработка методов прослеживания сейсмических сигналов по фазочастотным характеристикам (ФЧХ)  |f Нгуен Суан Хунг  |g науч. рук. А. И. Кочегуров, В. П. Иванченков 
203 |a Текст  |c электронный 
225 1 |a Математическое моделирование и компьютерный анализ данных 
300 |a Заглавие с титульного экрана 
320 |a [Библиогр.: с. 86 (4 назв.)] 
337 |a Adobe Reader 
463 1 |0 (RuTPU)RU\TPU\conf\515  |t Молодежь и современные информационные технологии  |o сборник трудов XI Международной научно-практической конференции студентов, аспирантов и молодых ученых, г. Томск, 13-16 ноября 2013 г.  |f Национальный исследовательский Томский политехнический университет (ТПУ) ; под ред. Е. А. Сикоры и др.  |v [С. 85-86]  |d 2013 
610 1 |a труды учёных ТПУ 
610 1 |a электронный ресурс 
610 1 |a сейсмические сигналы 
610 1 |a фазочастотные характеристики 
610 1 |a сейсмические волны 
700 0 |a Нгуен Суан Хунг  |c вьетнамский специалист в области информатики и вычислительной техники  |c ассистент кафедры Томского политехнического университета  |3 (RuTPU)RU\TPU\pers\35372 
702 1 |a Кочегуров  |b А. И.  |c российский ученый, специалист в области цифровой обработки сигналов  |c доцент Томского политехнического университета, кандидат технических наук  |f 1954-  |g Александр Иванович  |4 727 
702 1 |a Иванченков  |b В. П.  |c специалист в области цифровой обработки сигналов  |c доцент Томского политехнического университета, кандидат технических наук  |f 1939-  |g Виктор Павлович  |4 727 
712 0 2 |a Национальный исследовательский Томский политехнический университет (ТПУ)  |b Институт кибернетики (ИК)  |b Кафедра прикладной математики (ПМ)  |3 (RuTPU)RU\TPU\col\18700 
801 2 |a RU  |b 63413507  |c 20220328  |g RCR 
856 4 |u http://earchive.tpu.ru/handle/11683/70373 
856 4 |u http://www.lib.tpu.ru/fulltext/c/2013/C04/034.pdf 
942 |c CF